| 000 | 00360 a2200157 4500 | ||
|---|---|---|---|
| 001 | 75578 | ||
| 020 | _a978851610753 | ||
| 040 | _cAnchieta - Colégio São Paulo | ||
| 100 | _aSousa, Pero Lopes de | ||
| 240 | 1 | 0 |
_aUm grito de liberdade _lpor |
| 245 | 1 | 0 | _aUm grito de liberdade |
| 300 | _a | ||
| 362 | 0 | _a2016 | |
| 650 | 4 | _aLiteratura juvenil | |
| 942 | _cBK | ||
| 999 |
_c75578 _d75578 |
||